000 00334cpm a2200121 4500
008 081031n eng u
035 _a(Sirsi) a162358
050 _aHX 56
245 _aWhat is communism?/
_cedited by Richard M. Ketchum.
260 _aNew York:
_bE. P. Dutton,
_c1955.
300 _a191p. :
_bill
650 _aCommunism
999 _c110952
_d110952